| 000 | 00958nam a2200253Ia 4500 | ||
|---|---|---|---|
| 003 | OSt | ||
| 005 | 20221002055529.0 | ||
| 006 | a|||||r|||| 00| 0 | ||
| 007 | ta | ||
| 008 | 220930b |||||||| |||| 00| 0 hin d | ||
| 024 | _a115674 | ||
| 037 | _cReference Collections | ||
| 040 |
_aCRL _cCRL _bhin |
||
| 041 |
_2hin _ahin |
||
| 082 | _aO152,1N24x, P1.2-.4(RR) | ||
| 100 | _aखण्डेलवाल, गुलाब | ||
| 245 | 0 | _aगुलाब - ग्रंथावली | |
| 260 |
_aप्रतापगढ़ _b कमल प्रकाशन _c2001 |
||
| 490 | _vद्वितीय खंड | ||
| 650 | _aहिन्दी साहित्य | ||
| 700 | _a विश्वनाथ सिंह, संपा. | ||
| 942 |
_hO152,1N24x, P1.2-.4(RR) _cref _2CC |
||
| 999 |
_c927921 _d927921 |
||